<?xml version="1.0" encoding="UTF-8"?>
<record
    xmlns:xsi="http://www.w3.org/2001/XMLSchema-instance"
    xsi:schemaLocation="http://www.loc.gov/MARC21/slim http://www.loc.gov/standards/marcxml/schema/MARC21slim.xsd"
    xmlns="http://www.loc.gov/MARC21/slim">

  <leader>03316nam a2200385uu 4500</leader>
  <controlfield tag="001">1517010</controlfield>
  <controlfield tag="005">20260508093354.0</controlfield>
  <controlfield tag="008">190207s2018                        spa  </controlfield>
  <datafield tag="020" ind1=" " ind2=" ">
    <subfield code="a">9789588721743</subfield>
  </datafield>
  <datafield tag="035" ind1=" " ind2=" ">
    <subfield code="a">1517010</subfield>
  </datafield>
  <datafield tag="040" ind1=" " ind2=" ">
    <subfield code="c">comduadb</subfield>
  </datafield>
  <datafield tag="041" ind1=" " ind2=" ">
    <subfield code="a">spa</subfield>
  </datafield>
  <datafield tag="082" ind1=" " ind2="4">
    <subfield code="a">378</subfield>
  </datafield>
  <datafield tag="100" ind1="1" ind2="0">
    <subfield code="a">Arias Velandia, Nicol&#xE1;s</subfield>
    <subfield code="4">aut</subfield>
    <subfield code="e">aut</subfield>
    <subfield code="9">422753</subfield>
  </datafield>
  <datafield tag="245" ind1="1" ind2="0">
    <subfield code="a">Retos a los programas de administraci&#xF3;n, una mirada al saber : resultados de la evaluaci&#xF3;n externa (2012-2016)</subfield>
  </datafield>
  <datafield tag="260" ind1=" " ind2=" ">
    <subfield code="a">Bogot&#xE1; :</subfield>
    <subfield code="b">Politecnico Grancolombiano ;</subfield>
    <subfield code="b">Corporaci&#xF3;n Humanas ;</subfield>
    <subfield code="b">Ascolfa,</subfield>
    <subfield code="c">2018.</subfield>
  </datafield>
  <datafield tag="300" ind1=" " ind2=" ">
    <subfield code="a">231 p&#xE1;ginas :</subfield>
    <subfield code="b">ilustraciones.</subfield>
  </datafield>
  <datafield tag="505" ind1=" " ind2=" ">
    <subfield code="a">CONTENIDO : Pr&#xF3;logo. -- Presentaci&#xF3;n. -- Introducci&#xF3;n. -- Aspectos metodol&#xF3;gicos del estudio. -- PARTE I: An&#xE1;lisis de los programas de administraci&#xF3;n y afines 2012-2016. -- 1: Caracter&#xED;sticas de los programas y estudiantes de Administraci&#xF3;n. -- 2: An&#xE1;lisis hist&#xF3;rico del examen Saber Pro en el n&#xFA;cleo de Administraci&#xF3;n. -- 3: An&#xE1;lisis por caracter&#xED;sticas de la instituci&#xF3;n. -- 4: An&#xE1;lisis por caracter&#xED;sticas del estudiante (2016). -- 5: An&#xE1;lisis geogr&#xE1;ficos y geolocalizados 2016. -- 6: An&#xE1;lisis de los graduados. -- 7: Hallazgos generales de la primera parte. -- PARTE II: An&#xE1;lisis del Examen Saber Pro de los cap&#xED;tulos de ASCOLFA. -- 1: Hist&#xF3;rico de las Competencias del examen Saber por cap&#xED;tulos de ASCOLFA. -- 2: Cap&#xED;tulo Antioquia. -- 3: Capitulo Bogot&#xE1;. -- 4: Cap&#xED;tulo Centro. -- 5: Capitulo Costa Caribe. -- 6: Cap&#xED;tulo Oriente. -- 7: Cap&#xED;tulo Suroccidente. -- An&#xE1;lisis de los hallazgos generales del desempe&#xF1;o de las instituciones de los cap&#xED;tulos de ASCOLFA. -- Discusi&#xF3;n y recomendaciones. -- Discusi&#xF3;n. -- Recomendaciones. -- Referencias.</subfield>
  </datafield>
  <datafield tag="520" ind1="3" ind2=" ">
    <subfield code="a">"Busca brindar a las Facultades de Administraci&#xF3;n del pa&#xED;s, herramientas de an&#xE1;lisis que les permita generar preguntas, dar respuestas y plantearse retos a la gran responsabilidad que tienen: la de brindar a sus estudiantes una formaci&#xF3;n de calidad, pertinente dentro del contexto colombiano y del desarrollo de Am&#xE9;rica Latina, que les permita aportar una nueva generaci&#xF3;n de l&#xED;deres empresariales, emprendedores e innovadores que apoyen la transformaci&#xF3;n productiva, la creaci&#xF3;n de nuevas empresas para el desarrollo sostenible del pa&#xED;s y de sus zonas menos productivas, que hoy tienen una oportunidad de convertirse en locomotoras de desarrollo, con empresas que  creen valor a su comunidad."</subfield>
  </datafield>
  <datafield tag="650" ind1=" " ind2=" ">
    <subfield code="a">Administraci&#xF3;n de empresas - Investigaciones - Colombia</subfield>
    <subfield code="9">200174</subfield>
  </datafield>
  <datafield tag="650" ind1=" " ind2=" ">
    <subfield code="a">Administraci&#xF3;n como profesi&#xF3;n</subfield>
    <subfield code="9">23917</subfield>
  </datafield>
  <datafield tag="650" ind1=" " ind2=" ">
    <subfield code="a">Investigaci&#xF3;n curricular</subfield>
    <subfield code="9">225070</subfield>
  </datafield>
  <datafield tag="650" ind1=" " ind2="7">
    <subfield code="a">Evaluaci&#xF3;n acad&#xE9;mica</subfield>
    <subfield code="2">lemb</subfield>
    <subfield code="9">14038</subfield>
  </datafield>
  <datafield tag="650" ind1=" " ind2="7">
    <subfield code="a">Planificaci&#xF3;n educativa</subfield>
    <subfield code="2">lemb</subfield>
    <subfield code="9">310</subfield>
  </datafield>
  <datafield tag="650" ind1=" " ind2="7">
    <subfield code="a">Educaci&#xF3;n superior</subfield>
    <subfield code="z">Colombia</subfield>
    <subfield code="2">lemb</subfield>
    <subfield code="9">42273</subfield>
  </datafield>
  <datafield tag="650" ind1=" " ind2=" ">
    <subfield code="a">Educaci&#xF3;n superior - Colombia - Programas</subfield>
    <subfield code="9">44158</subfield>
  </datafield>
  <datafield tag="650" ind1=" " ind2=" ">
    <subfield code="a">Planes de estudio - Colombia</subfield>
    <subfield code="9">99840</subfield>
  </datafield>
  <datafield tag="700" ind1="1" ind2="0">
    <subfield code="a">Rinc&#xF3;n B&#xE1;ez, William Umar</subfield>
    <subfield code="4">aut</subfield>
    <subfield code="e">aut</subfield>
    <subfield code="9">778602</subfield>
  </datafield>
  <datafield tag="700" ind1="1" ind2="0">
    <subfield code="a">Becerra Plaza, Gisele Eugenia</subfield>
    <subfield code="4">aut</subfield>
    <subfield code="e">aut</subfield>
    <subfield code="9">440126</subfield>
  </datafield>
  <datafield tag="700" ind1="1" ind2="0">
    <subfield code="a">Mej&#xED;a Rodr&#xED;guez, Andr&#xE9;s Felipe </subfield>
    <subfield code="4">aut</subfield>
    <subfield code="e">aut</subfield>
    <subfield code="9">778853</subfield>
  </datafield>
  <datafield tag="700" ind1="1" ind2="0">
    <subfield code="a">Salas D&#xED;az, Ricardo Jos&#xE9;</subfield>
    <subfield code="4">aut</subfield>
    <subfield code="e">aut</subfield>
    <subfield code="9">751393</subfield>
  </datafield>
  <datafield tag="700" ind1="1" ind2="0">
    <subfield code="a">Fajardo V&#xE1;squez, Henry Leonardo </subfield>
    <subfield code="4">aut</subfield>
    <subfield code="e">aut</subfield>
    <subfield code="9">784085</subfield>
  </datafield>
  <datafield tag="700" ind1="1" ind2="0">
    <subfield code="a">Ram&#xED;rez L&#xF3;pez, Deyra Alejandra</subfield>
    <subfield code="4">aui</subfield>
    <subfield code="e">aui</subfield>
    <subfield code="9">784226</subfield>
  </datafield>
  <datafield tag="942" ind1=" " ind2=" ">
    <subfield code="c">BOOK</subfield>
  </datafield>
  <datafield tag="999" ind1=" " ind2=" ">
    <subfield code="c">796232</subfield>
    <subfield code="d">796232</subfield>
  </datafield>
  <datafield tag="952" ind1=" " ind2=" ">
    <subfield code="0">0</subfield>
    <subfield code="1">0</subfield>
    <subfield code="4">0</subfield>
    <subfield code="7">0</subfield>
    <subfield code="8">GEN</subfield>
    <subfield code="a">BC</subfield>
    <subfield code="b">BC</subfield>
    <subfield code="d">2019-02-07</subfield>
    <subfield code="e">Material adquirido por donaci&#xF3;n</subfield>
    <subfield code="g">42000.00</subfield>
    <subfield code="i">C1305336</subfield>
    <subfield code="l">0</subfield>
    <subfield code="o">378.199 A696</subfield>
    <subfield code="p">01048476</subfield>
    <subfield code="r">2023-05-04 00:00:00</subfield>
    <subfield code="t">1</subfield>
    <subfield code="w">2023-05-04</subfield>
    <subfield code="y">BOOK</subfield>
  </datafield>
</record>
